[Event "Paris-ch op-B 87th"]
[Site "Paris"]
[Date "2012.07.11"]
[Round "5"]
[White "Fedoryshyn, Ievgenii"]
[Black "Lemerle, Alban"]
[Result "1-0"]
[WhiteElo "2188"]
[BlackElo "2062"]
[PlyCount "69"]
[EventDate "2012.07.07"]
[EventType "swiss"]
[EventRounds "9"]
[EventCountry "FRA"]
[SourceTitle "EXT 2013"]
[Source "ChessBase"]
[SourceDate "2012.11.22"]
[SourceVersion "1"]
[SourceVersionDate "2012.11.22"]
[SourceQuality "1"]

1. e4 d6 2. d4 Nf6 3. Bd3 e5 4. c3 g6 5. Ne2 Bg7 6. 0-0 0-0 7. Kh1 d5 8. f3 dxe4 9. fxe4 Ng4 10. h3 Qh4 11. Kg1 Nf6 12. Nd2 Nh5 13. Nf3 Qe7 14. g4 exd4 15. cxd4 Nf6 16. Nc3 Nc6 17. e5 Nd7 18. a4 Nxd4 19. Nxd4 Nxe5 20. Nf3 Qc5+ 21. Kg2 Rd8 22. Nxe5 Bxe5 23. Qe2 Bxc3 24. bxc3 Qxc3 25. Bc4 Be6 26. Bxe6 Qc6+ 27. Rf3 Qxe6 28. Qxe6 fxe6 29. Bh6 c6 30. Raf1 b5 31. Rf7 b4 32. Rg7+ Kh8 33. Rff7 b3 34. Rxh7+ Kg8 35. Rfg7+ 1-0

[Event "FRA-chT4 0304"]
[Site "Bretagne"]
[Date "2003.11.16"]
[Round "2"]
[White "Foussard, Gervais"]
[Black "Lemerle, Alban"]
[Result "1-0"]
[WhiteElo "2020"]
[BlackElo "1940"]
[PlyCount "45"]
[EventDate "2003.10.12"]
[EventType "team"]
[EventRounds "9"]
[EventCountry "FRA"]
[SourceTitle "EXT 2005"]
[Source "ChessBase"]
[SourceDate "2004.11.15"]
[SourceVersion "1"]
[SourceVersionDate "2004.11.15"]
[SourceQuality "1"]

1. e4 e6 2. e5 d6 3. exd6 cxd6 4. d4 Nf6 5. Nf3 Be7 6. c4 0-0 7. Nc3 d5 8. Be2 Nc6 9. Be3 dxc4 10. Bxc4 Nd5 11. 0-0 Bf6 12. Ne4 Be7 13. Nc3 Nxc3 14. bxc3 Bf6 15. Bf4 b6 16. Re1 Bb7 17. Ne5 Nxe5 18. dxe5 Be7 19. Qg4 Kh8 20. Re3 Bd5 21. Bd3 f5 22. exf6 Bxf6 23. Rh3 1-0

[Event "FRA-chT4 0001"]
[Site "Bretagne"]
[Date "2001.03.11"]
[Round "6"]
[White "Lemerle, Alban"]
[Black "Cadiou, Jacques"]
[Result "1/2-1/2"]
[WhiteElo "1920"]
[BlackElo "1990"]
[PlyCount "50"]
[EventDate "2000.10.??"]
[EventType "team"]
[EventRounds "7"]
[EventCountry "FRA"]
[SourceTitle "EXT 2005"]
[Source "ChessBase"]
[SourceDate "2004.11.15"]
[SourceVersion "1"]
[SourceVersionDate "2004.11.15"]
[SourceQuality "1"]

1. Nf3 Nf6 2. c4 e6 3. Nc3 d5 4. d4 Bb4 5. Bg5 h6 6. Bh4 c5 7. e3 cxd4 8. Qa4+ Nc6 9. Nxd4 Bxc3+ 10. bxc3 0-0 11. cxd5 Qxd5 12. Bxf6 gxf6 13. Nxc6 Qxc6 14. Qxc6 bxc6 15. Rb1 Rd8 16. Bc4 e5 17. Ke2 Bf5 18. Rbd1 Kf8 19. Rxd8+ Rxd8 20. Rd1 Rb8 21. Rd6 Ke7 22. Rxc6 Be4 23. Rc7+ Kd6 24. Rxf7 Rb2+ 25. Ke1 Rb1+ 1/2-1/2

[Event "FRA-chT4 0001"]
[Site "Bretagne"]
[Date "2001.02.04"]
[Round "5"]
[White "Bleunven, Andre"]
[Black "Lemerle, Alban"]
[Result "1-0"]
[WhiteElo "2179"]
[BlackElo "1920"]
[PlyCount "51"]
[EventDate "2000.10.??"]
[EventType "team"]
[EventRounds "7"]
[EventCountry "FRA"]
[SourceTitle "EXT 2005"]
[Source "ChessBase"]
[SourceDate "2004.11.15"]
[SourceVersion "1"]
[SourceVersionDate "2004.11.15"]
[SourceQuality "1"]

1. d4 d5 2. c4 c6 3. Nc3 Nf6 4. e3 e6 5. Nf3 Nbd7 6. Qc2 Bd6 7. Bd3 dxc4 8. Bxc4 b5 9. Bd3 Bb7 10. 0-0 0-0 11. a3 e5 12. Bd2 a6 13. dxe5 Nxe5 14. Nxe5 Bxe5 15. f4 Bc7 16. Ne4 Nxe4 17. Bxe4 h6 18. Bb4 Re8 19. Rad1 Qf6 20. Rf3 Rad8 21. Re1 Bb6 22. Bc3 Qe6 23. Bf5 Qd6 24. Rg3 f6 25. Qb3+ Kh8 26. Qf7 1-0